000 00666nam a2200229Ii 4500
003 JO-AjNU
008 230606s9999||||xx |||||||||||||| ||und||
020 _a0-415-23637-1/978-0-415-23637-9
040 _aJO-AjNU
_beng
_erda
_cJO-AjNU
041 _aeng
050 1 4 _aB2430.R554 S56 2003
100 3 _aSimms,Karl,
_eauthor
_964
245 0 0 _aPaul Ricoeur
250 _a1st indian reprint. 
264 3 1 _aLondon:Routledge taylor&francis Group,2003
300 _a155p
336 _atext
_btxt
_2rdacontent
337 _aunmediated
_bn
_2rdamedia
338 _avolume
_bnc
_2rdacarrier
490 0 _aRoutledge critical thinkers 
650 4 _a Ricoeur, Paul. 
_965
999 _aE36
_c36
_d36